000
00300nam a22001337a 4500
008
180730b xxu||||| |||| 00| 0 eng d
082
_2
813.52
245
_a
The art of public speaking
_c
Lucas, S.E
260
_c
2007
300
_a
1
_f
CD
440
_x
0073216410
760
_b
9th
942
_2
ddc
_c
MX
999
_c
46658
_d
46658